Senzorické hodnotenie nápojov bakalárska práca CD

Saved in:
Bibliographic Details
Main Author: Zaťková, Lujza
Format: Software Book
Language:Slovak
Published: Bratislava STUFCHPT 2013
Online Access:View in OPAC
Tags: Add Tag
No Tags, Be the first to tag this record!

MARC

LEADER 00000nam a2200000 a 4500
005 20260127134336.0
007 co ugu
008 131008 2013 000 0 slo d
035 |a vtls010548838 
039 9 |y 201310081111  |z mschk03 
040 |a STUSCHK1  |b slo  |c STUSCHK1  |e AACR2 
100 1 |a Zaťková, Lujza 
245 1 |a Senzorické hodnotenie nápojov  |b bakalárska práca CD  |c Lujza Zaťková 
260 |a Bratislava  |b STUFCHPT  |c 2013 
300 |a 1 optický disk 
500 |a Obhájené: 08.07.2013 
500 |a Štud. program: Výživa-kozmetika-ochrana zdravia 
500 |a Štud. odbor: Potravinárstvo 
500 |a Škol. pracovisko: Odd. potravinárskej technológie 
500 |a Evid. číslo: FCHPT-13046-45029 
910 |a SCHK95 
999 |c 10308  |d 10308